Southville International School and Colleges
Your cart is empty.
  • Cart
  • Lists
    Public lists Eva Luna New books Lux_list list_1
    Your lists Log in to create your own lists
  • Log in to your account
  • Your cookies
  • Search history
Southville International School and Colleges
  • Advanced search
  • Recent comments
  • Most popular
  • Libraries

Log in to your account

Log in with GOOGLE


If you do not have an external account, but do have a local account, you can still log in:

  1. Home
  2. MARC view: Barney's : easter parade /
Normal view MARC view ISBD view

Barney's : easter parade / (Record no. 114266)

[ view plain ]
MARC details
000 -LEADER
fixed length control field 00545nam a2200193 a 4500
001 - CONTROL NUMBER
control field 3990
005 - DATE AND TIME OF LATEST TRANSACTION
control field 20140414132054.0
008 - FIXED-LENGTH DATA ELEMENTS--GENERAL INFORMATION
fixed length control field 040721s19uu xx 00 eng d
020 ## - INTERNATIONAL STANDARD BOOK NUMBER
International Standard Book Number 1586680722
050 ## - LIBRARY OF CONGRESS CALL NUMBER
Classification number ER
Item number Ba26ea 2001
100 ## - MAIN ENTRY--PERSONAL NAME
Personal name Davis, Guy
245 ## - TITLE STATEMENT
Title Barney's : easter parade /
Statement of responsibility, etc by Guy Davis ; photography by Dennis Full.
260 ## - PUBLICATION, DISTRIBUTION, ETC. (IMPRINT)
Place of publication, distribution, etc USA :
Name of publisher, distributor, etc Lyons Partnership,
Date of publication, distribution, etc 2001.
300 ## - PHYSICAL DESCRIPTION
Extent 1 v. : ill. ; cm.
440 ## - SERIES STATEMENT/ADDED ENTRY--TITLE
Title Barney's
650 ## - SUBJECT ADDED ENTRY--TOPICAL TERM
Topical term or geographic name as entry element Easter parade celebration
General subdivision Fiction.
650 ## - SUBJECT ADDED ENTRY--TOPICAL TERM
Topical term or geographic name as entry element Children stories.
Holdings
Withdrawn status Lost status Damaged status Home library Current library Shelving location Date acquired Source of acquisition Total Checkouts Full call number Barcode Date last seen Price effective from Koha item type
      Munich Library Munich Library Easy Reading Section 11/11/2010     ER Ba26ea 2001 M6048 04/14/2014 04/14/2014 Books

Barney's : easter parade /

APA

Davis G., . (2001). Barney's : easter parade. USA: Lyons Partnership.

Chicago

Davis Guy, . 2001. Barney's : easter parade. USA: Lyons Partnership.

Harvard

Davis G., . (2001). Barney's : easter parade. USA: Lyons Partnership.

MLA

Davis Guy, . Barney's : easter parade. USA: Lyons Partnership. 2001.

  • Place hold
  • Print
  • Cite
  • Add to your cart (remove)
  • Save record
    BIBTEX Dublin Core MARCXML MARC (non-Unicode/MARC-8) MARC (Unicode/UTF-8) MARC (Unicode/UTF-8, Standard) MODS (XML) RIS
  • More searches
    Search for this title in:
    Other Libraries (WorldCat) Other Databases (Google Scholar) Online Stores (Bookfinder.com) Open Library (openlibrary.org)

Exporting to Dublin Core...

SOUTHVILLE LIBRARY

Southville International School and Colleges Library

1281 Tropical Ave. Cor. Luxembourg St., BF Homes International, Las Pinas City

Tel. No. 8256374 / 252358 Loc. 117/146

Powered by Koha